The rise of labor in Japan : The Y¯uaikai, 1912-19
保存先:
| 第一著者: | |
|---|---|
| フォーマット: | 図書 |
| 言語: | Undetermined |
| 出版事項: |
Tokyo
Sophia University
1972
|
| 主題: | |
| タグ: |
タグ追加
タグなし, このレコードへの初めてのタグを付けませんか!
|
| Thư viện lưu trữ: | Trung tâm Học liệu Trường Đại học Cần Thơ |
|---|
| LEADER | 00561nam a2200217Ia 4500 | ||
|---|---|---|---|
| 001 | CTU_79863 | ||
| 008 | 210402s9999 xx 000 0 und d | ||
| 082 | |a 331.88 | ||
| 082 | |b L332 | ||
| 100 | |a Large, Stephen S. | ||
| 245 | 4 | |a The rise of labor in Japan : | |
| 245 | 4 | |b The Y¯uaikai, 1912-19 | |
| 245 | 0 | |c Stephen S. Large | |
| 260 | |a Tokyo | ||
| 260 | |b Sophia University | ||
| 260 | |c 1972 | ||
| 650 | |a Labor unions | ||
| 650 | |x History | ||
| 650 | |z Japan | ||
| 904 | |i Trọng Hải | ||
| 980 | |a Trung tâm Học liệu Trường Đại học Cần Thơ | ||